000 00737nam a2200253 4500
001 11257
003 BD-RjUL
005 20211208235109.0
008 140126s1961 us a b 001 0 eng d
035 _a(BD-RjUL)11306
040 _aBD-RjUL
_beng
_cBD-RjUL
_dBD-RjUL
041 _aeng
082 0 0 _a620.192
_bFEV 1961
100 1 _aFerry, John D.,
_d1912-2002
_934836
245 1 0 _aViscoelastic properties of polymers /
_cby John D. Ferry.
260 _aNew York :
_bWiley,
_cc1961.
300 _a482 p :
_billus ;
_c24 cm
504 _aIncludes bibliography and index.
650 0 _aPolymers
_xMechanical properties.
_934837
650 0 _aViscoelasticity.
_934838
942 _2ddc
_cBK
999 _c11257
_d11257